000 01191nam a2200349 i 4500
001 13531
003 KOSZ 005
005 20210429093625.0
008 071111s1968 pl f f 001 0 pol
015 _aPB 1968/6584
040 _aWA N
_cWA N
_dKOSZ 005/RW
080 _a512
100 1 _aMostowski, Andrzej
_d(1913-1975).
_eAutor
245 1 0 _aAlgebra liniowa /
_cAndrzej Mostowski, Marceli Stark.
250 _aWydanie 3 fotograficzne.
260 _aWarszawa :
_bPaństwowe Wydawnictwo Naukowe,
_c1968.
300 _a190, [2] stron ;
_c25 cm.
336 _aTekst
_btxt
_2rdacontent
337 _aBez urządzenia pośredniczącego
_bn
_2rdamedia
338 _aWolumen
_bnc
_2rdacarrier
380 _aKsiążki.
490 1 _aBiblioteka Matematyczna ;
_vt. 19.
504 _aIndeks.
658 _aMatematyka
650 4 _aAlgebra liniowa
655 4 _aPodręcznik
710 2 _aPaństwowe Wydawnictwo Naukowe
_4pbl.
700 1 _aStark, Marceli
_d(1907-1974)
_eAutor
830 0 _aBiblioteka Matematyczna,
_vt. 19.
856 _uhttp://koha.tu.koszalin.pl/cgi-bin/koha/opac-detail.pl?biblionumber=13531
_yKatalog online BPK
942 _2UKD
_cKS
999 _c13531
_d13531